All Too Well (10MTV) (TV) - Taylor Swift (All Lyrics) - Statistics

General Stats
  • This quiz has been taken 1,084 times
  • The average score is 866 of 974
Answer Stats
Lyrics % Correct
a
99%
A
99%
I
99%
(I
99%
the
99%
The
99%
you,
99%
You
99%
you
99%
it
98%
It
98%
to
98%
To
98%
we
98%
all
97%
all,
97%
(All
97%
do
97%
me
97%
me,
97%
too
97%
too?
97%
was
97%
well
97%
well,
97%
Well,
97%
well?
97%
well)
97%
an
96%
in
96%
my
96%
So
96%
so
96%
your
96%
And
95%
and
95%
be
95%
like
95%
But
94%
but
94%
he
94%
no
94%
on
94%
there
94%
There
94%
there,
94%
there)
94%
when
94%
with
94%
at
93%
remember
93%
then
93%
We're
93%
were
93%
where
93%
door
92%
of
92%
scarf
92%
Some
92%
walk
92%
car,
91%
car
91%
cold
91%
felt
91%
home
91%
it's
91%
"It's
91%
love,"
91%
love
91%
now
91%
Now
91%
That
91%
that
91%
again
90%
again,
90%
air
90%
are
90%
got
90%
know
90%
left
90%
through
90%
up
90%
walked
90%
who
90%
'Cause
89%
'cause
89%
for
89%
get
89%
her
89%
house
89%
I'm
89%
sister's
89%
as
88%
"Fuck
88%
night
88%
night,
88%
not
88%
Not
88%
somethin'
88%
still
88%
twin
88%
what
88%
call
87%
can
87%
here
87%
just
87%
Just
87%
(Just
87%
lost
87%
never
87%
Oh,
87%
oh,
87%
oh
87%
(Oh)
87%
time
87%
Time
87%
turnin'
87%
us,
87%
us)
87%
bein'
86%
bout
86%
'bout
86%
by
86%
down
86%
down,
86%
Down
86%
drawer,
86%
even
86%
ever
86%
somehow
86%
town
86%
why
86%
you've
86%
back
85%
Back
85%
had
85%
old
85%
red
85%
say
85%
thing
85%
always
84%
gone
84%
long
84%
said
84%
said,
84%
thinkin'
84%
this
84%
about
83%
after
83%
After
83%
age,
83%
age"
83%
fall
83%
fine
83%
future
83%
ground,
83%
I'd
83%
light
83%
little
83%
made
83%
maybe
83%
over
83%
past
83%
patriarchy"
83%
piece
83%
she?
83%
stairs,
83%
tellin'
83%
first
82%
hair,
82%
jokes
82%
jokes,
82%
keys,
82%
rare,
82%
want
82%
bed
81%
called
81%
come
81%
gonna
81%
honest
81%
Keychain
81%
lookin'
81%
middle
81%
name
81%
self
81%
street
81%
team
81%
Wind
81%
you're
81%
ball
80%
been
80%
break
80%
casually
80%
could
80%
cruel
80%
dancin'
80%
from
80%
From
80%
fun
80%
if
80%
kept
80%
kitchen
80%
loved
80%
mother's
80%
much
80%
one
80%
promise
80%
skippin'
80%
stories
80%
sweet
80%
tossing
80%
"Any
79%
can't
79%
dad
79%
days
79%
Every
79%
gaze
79%
gettin'
79%
He's
79%
kid
79%
lyin'
79%
nothing
79%
paper
79%
reminds
79%
secret,
79%
They
79%
'Til
79%
'til
79%
turning
79%
twenty-one"
79%
very
79%
almost
78%
asked
78%
die
78%
disposition
78%
drive
78%
eyed
78%
glasses
78%
keep
78%
masterpiece
78%
more
78%
sized
78%
smells
78%
supposed
78%
swear
78%
tee
78%
use,
78%
wide
78%
closer
77%
ends
77%
good
77%
hell
77%
mind
77%
new
77%
own
77%
picture
77%
ran
77%
show
77%
these
77%
translation,
77%
used
77%
who's
77%
alone
76%
cheeks
76%
forget
76%
idea
76%
"I'll
76%
innocence
76%
late
76%
months
76%
oath
76%
okay,
76%
rid
76%
same
76%
shame
76%
That's
76%
three
76%
week
76%
would've
76%
actress
75%
all's
75%
buried
75%
cross
75%
dead
75%
did
75%
else
75%
find
75%
fly,
75%
goes
75%
grave
75%
older,
75%
real
75%
'round
75%
stay
75%
tore
75%
tryin'
75%
upstate
75%
before
74%
enough
74%
held
74%
known
74%
magic's
74%
might
74%
needed
74%
refrigerator
74%
swearin'
74%
won't
74%
Check
73%
double
73%
fallin'
73%
happened,
73%
happened
73%
line
73%
lovers
73%
place
73%
punch
73%
things
73%
watch
73%
went
73%
Autumn
72%
between
72%
coffee
72%
front
72%
how
72%
into
72%
jewel
72%
leaves
72%
nobody
72%
pieces
72%
shine
72%
singin'
72%
snow
72%
askin'
71%
bathroom
71%
charmed
71%
lifeless
71%
party
71%
reflects
71%
Photo
70%
prayer
70%
prayer,
70%
pulse
70%
Sippin'
70%
watched
70%
affair
69%
album
69%
counter,
69%
fell
69%
frame
69%
half
69%
scared,
69%
willin'
69%
reached
68%
returning
68%
Runnin'
68%
soldier
68%
we'd
68%
yeah
68%
bones
67%
flame
67%
mail
67%
weight
67%
blue?
66%
broke
66%
nights
66%
Sacred
66%
skin
66%
lovely
65%
paralyzed
65%
crumpled
64%
needy,
64%
wondered
64%
Brooklyn
63%
maim
63%
whose
63%
shirt
62%
bruise
60%
paint
60%
glistened
59%
plaid
58%
city's
57%
weepin'
57%
self-effacing
55%
barren
49%
taught
37%
No matching quizzes found
Score Distribution
Percent of People with Each Score
Percentile by Number Answered
Your Score History
You have not taken this quiz